Humanistic institutions and societies in India: A consolidated surevey of their work and achievements up to the period ending 31st December, 1947 (Record no. 1325984)

MARC details
000 -LEADER
fixed length control field 00609nam a2200169Ia 4500
005 - DATE AND TIME OF LATEST TRANSACTION
control field 20250508150833.0
008 - FIXED-LENGTH DATA ELEMENTS--GENERAL INFORMATION
fixed length control field 008 250505s9999 xx 000 0 eng d
037 ## - SOURCE OF ACQUISITION
Stock number Books to be hide in OPAC
040 ## - CATALOGING SOURCE
Original cataloging agency FEDL
Language of cataloging eng
Transcribing agency FEDL
041 ## - LANGUAGE CODE
Language code of text/sound track or separate title eng
Source of code eng
084 ## - COLON CLASSIFICATION NUMBER
Classification number 068.54, IND/O
Assigning agency FEDL
245 #0 - TITLE STATEMENT
Title Humanistic institutions and societies in India: A consolidated surevey of their work and achievements up to the period ending 31st December, 1947
245 #0 - TITLE STATEMENT
Statement of responsibility, etc. Ministry of Education. Bureau of Education India
300 ## - PHYSICAL DESCRIPTION
Extent iii,115p.
942 ## - ADDED ENTRY ELEMENTS (KOHA)
Koha item type Books to be hide in OPAC
Classification part 068.54, IND/O
Holdings
Withdrawn status Lost status Damaged status Not for loan Home library Current library Date acquired Total Checkouts Full call number Barcode Date last seen Price effective from Koha item type
        Department of Education Library Department of Education Library 2025-05-08   068.54, IND/O EL0005560 2025-05-08 2025-05-08 Books to be hide in OPAC
Copyright @ Delhi University Library System